000 00785nam a2200205Ia 4500
003 GCL
008 140319s9999 xx 000 0 eng d
040 _aGCL /
_cGCL
082 0 4 _a328.7307
_bC G
100 1 _aCOREN, ROBERT W.
245 1 0 _aGUIDE TO THE RECORDS OF THE UNITED STATES SENATE AT THE NATIONAL ARCHIVES :
_b1789 - 1989 /
_cCOREN, ROBERT W.
700 1 _aREPHLO, MARY
700 1 _aSTEWART, WALTER J.
260 _a[S.N] :
_bU.S SENATE BICENTENNIAL PUBLISHING ،
_c1989
300 _a25 CM ؛
_cX11, 356 P
650 0 4 _aUNITED STATES - CONGRESS - SENATE - RECORDS AND COREESPONDENCE
650 0 4 _aUNITED STATES - NATIONAL ARCHIVES AND RECORDS ADMINISTRATION - CATALOG
650 0 4 _aUNITED STATES - POLITICS AND GOVERNMENT - SOURCES - BIBLIOGRAPHY
942 _2ddc
_cBK
999 _c4792
_d4792